"Ahol gyermek voltam..." Emlékezés Ignácz Rózsára
Elmentve itt :
| Szerző: | |
|---|---|
| Adatforrás: | Meister |
| Forrásdokumentuma: | Művelődés. - 5 sz., 1999, 17-19 p. |
| Nyelv: | magyar |
| Kulcsszavak: | irodalomtörténet Kovászna megye IGNÁCZ Rózsa |
| LEADER | 00437nab a2200145 i 4500 | ||
|---|---|---|---|
| 001 | bibPRO00003438 | ||
| 008 | 060524s1999 xx hun | ||
| 040 | |a Sz1 | ||
| 041 | |a hun | ||
| 100 | 1 | |a GÖDRINÉ MOLNÁR Márta | |
| 245 | 1 | 1 | |a "Ahol gyermek voltam..." Emlékezés Ignácz Rózsára |c GÖDRINÉ MOLNÁR Márta |
| 695 | |a irodalomtörténet | ||
| 695 | |a Kovászna megye | ||
| 695 | |a IGNÁCZ Rózsa | ||
| 773 | 0 | |t Művelődés. - |g 5 sz., 1999, 17-19 p. | |